LEADER 00947nam a2200229 u 4500 001 000000066709 003 CaOOAMICUS 005 20070226121615.0 008 020122s1949 it u000 u ita u 035 $a10917527 040 $aIAR$bita 100 1 $aTucci, Giuseppe,$d1894-1984.$0(OLS)http://pul/name/2089 245 10$aItalia e oriente /$cGiuseppe Tucci. 260 $a[Milano] :$bGarzanti,$c1949. 300 $a257 S., ;$c22 cm 490 1 $aPiani. Biblioteca di studi economici, sociali, politici e storici ;$v12. 830 0$aPiani. Biblioteca di studi economici, sociali, politici e storici ;$v12.$0(OLS)http://pul/title/88549 850 $aPUL 852 $aPUL$W1$xDP1 Fondo Cecchetti$y53$m270 E 35$j86276$nBK-PRI$b $qFondi$B86276$CPULBib$Z2$F86276 $HPUL3128 $81 941 1 $a1 996 $6245$aItalia e oriente$9(OLS)http://pul/title/88548 996 $6260$a[Milano] :$bGarzanti$9(OLS)http://pul/publisher/56106 LEADER 01505nam a2200313 a 4500 001 000000111749 003 CaOOAMICUS 005 20080520110811.0 008 080520s2007 it m 001 0 eng d 020 $a88-7839-080-1 040 $aPUG$bita$dip$dBc 100 1 $aMulcahy, Eamonn,$cs.s.s.,$d1954-$0(OLS)http://pul/name/68722 245 14$aThe cause of our salvation :$bsoteriological causality according to some modern british theologians, 1988-1998 /$cEamonn Mulcahy. 260 $aRoma :$bPontificia Università Gregoriana,$c2007. 300 $a523 p. ;$c24 cm. 490 1 $aTesi Gregoriana.$aSerie teologia ;$v140. 502 $aDissertazione--Pontificia Universitas Gregoriana. Facultas theologiae. 2007 504 $aBibliografia: p. [483]-511. 650 4$aCristologia.$0(OLS)http://pul/subject/1402 650 4$aEscatologia$xStudi.$0(OLS)http://pul/subject/25447 830 0$aTesi Gregoriana.$pSerie teologia ;$v140.$0(OLS)http://pul/title/39607 850 $aPUL 852 $aPUL$W1$xDP1 Tesi Pon. Univ. Gregoriana$y40$m2007 B 34$j128047$qTesi$B126795$CPULBib$Z2$F126795 $82 941 1 $a16 960 $aIesus Christus$91402 960 $aIesus Christus$91402 996 $6020$a88-7839-080-1$9(OLS)http://pul/number/138096 996 $6245$aThe cause of our salvation :$bsoteriological causality according to some modern british theologians, 1988-1998$9(OLS)http://pul/title/140548 996 $6260$aRoma :$bPontificia Università Gregoriana$9(OLS)http://pul/publisher/47853